2013 Movies - Statistics

General Stats
  • This quiz has been taken 37 times
  • The average score is 22 of 50
Answer Stats
Picture Answer % Correct
Despicable Me 2
100%
Frozen
100%
Thor: The Dark World
95%
Iron Man 3
90%
The Wolf Of Wall Street
90%
Monsters University
86%
Man Of Steel
81%
The Croods
81%
Turbo
81%
Anchorman 2: The Legend Continues
76%
12 Years A Slave
71%
The Hobbit: The Desolation Of Smaug
67%
The Wolverine
67%
The Lone Ranger
62%
Gravity
57%
Pacific Rim
57%
Percy Jackson: Sea Of Monsters
52%
We’re The Millers
52%
Epic
48%
R.I.P.D.
48%
Now You See Me
43%
White House Down
43%
World War Z
43%
Captain Phillips
38%
Saving Mr Banks
38%
American Hustle
33%
Ender’s Game
33%
G.I. Joe: Retaliation
33%
Oblivion
33%
Olympus Has Fallen
33%
Prisoners
29%
Star Trek Into Darkness
29%
Elysium
24%
Fast & Furious 6
24%
Pain & Gain
24%
The World’s End
24%
Warm Bodies
24%
2 Guns
19%
Jack The Giant Slayer
19%
The Heat
19%
Gangster Squad
14%
Riddick
14%
Broken City
10%
Delivery Man
10%
Homefront
10%
Lone Survivor
10%
Snitch
10%
The Last Stand
10%
Dead Man Down
5%
The Mortal Instruments: City Of Bones
5%
No matching quizzes found
Score Distribution
Percent of People with Each Score
Percentile by Number Answered
Your Score History
You have not taken this quiz